| 000 | 00389nam a2200181Ia 4500 | ||
|---|---|---|---|
| 003 | OSt | ||
| 005 | 20220616112408.0 | ||
| 008 | 210210b1935 xxu||||| |||| 00| 0 eng d | ||
| 040 | _cAL | ||
| 041 | _aeng | ||
| 082 | _a828/269 | ||
| 100 |
_aGWYNN (S) _943315 |
||
| 245 | _aDean Swift | ||
| 260 |
_aLondon _b- _c1935 |
||
| 690 |
_aBiography _943316 |
||
| 906 | _a016114 | ||
| 942 |
_2ddc _cBK |
||
| 999 |
_c135520 _d135520 |
||